Qui joue le rôle titre dans ces séries françaises ? (1) - Statistiques

Statistiques générales
  • Ce quiz a été pris 40 fois
  • Le résultat moyen est 14 sur 52
Statistiques - réponses
Série Personnage Acteur / Actrice % Correct
Alex Hugo Samuel Le Bihan
71%
Ariane Ferry Cécile Bois
64%
Candice Renoir Cécile Bois
64%
Clem Clémentine Boissier Lucie Lucas
54%
Balthazar Raphaël Balthazar Tomer Sisley
54%
Astrid et Raphaëlle Raphaëlle Coste Lola Dewaere
50%
Astrid et Raphaëlle Astrid Nielsen Sara Mortensen
50%
Commissaire Moulin Jean-Paul Moulin Yves Rénier
50%
Capitaine Marleau Sylvie Marleau Corinne Masiero
43%
Alexandra Ehle Julie Depardieu
43%
Commandant X Michel de Ré
39%
Doc Martin Martin Charles Napoléon Le Foll Thierry Lhermitte
39%
Famille d'accueil Marion Ferrière Viriginie Lemoine
36%
Commissaire Valence Pierre Valence Bernard Tapie
32%
Arsène Lupin 1971 Georges Descrières
32%
César Wagner Gil Alma
32%
Cassandre Florence Cassandre Gwendoline Hamon
32%
Commissaire Magellan Simon Magellan Jacques Spiesser
32%
Bellefond Antoine Bellefond Stéphane Bern
32%
Docteur Sylvestre Pierre Sylvestre Jérôme Anger
29%
Caïn Frédéric Caïn Bruno Debrandt | Julien Baumgartner
25%
Famille d'accueil Daniel Ferrière Christian Charmetant
25%
Diane, femme flic Diane Carro Isabel Otero
25%
Clara Sheller Mélanie Doutey | Zoé Félix
25%
David Lansky Johnny Hallyday
21%
Belphégor ou le fantôme du Louvre Laurence Borel / Stéphanie Hiquet Juliette Gréco
21%
Chérif Kader Chérif Abdehafid Metalsi
18%
Deux flics sur les docks Paul Winckler Bruno Solo
18%
En famille Roxane Le Kervelec Charlie Bruneau
18%
En famille Marjorie Le Kervelec Jeanne Savary
18%
En famille Brigitte Le Kervelec Marie Vincent
18%
Belle et Sébastien Sébastien Mehdi El Glaoui
18%
Falco Alexandre Falco Sagamore Stévenin
18%
Antoine Rives, le juge du terrorisme Jacques Weber
14%
Deux flics sur les docks Richard Faraday Jean-Marc Barr
14%
Cécilia, médecin de campagne Cécilia Baudouin Nicole Berger
14%
En famille Jean-Pierre Escourou Olivier Mag
14%
De Gaulle, l'Etat et le secret Charles de Gaulle Samuel Labarthe
14%
Ardéchois, coeur fidèle Toussaint Rouveyre Sylvain Joubert
14%
Duval et Moretti David Moretti Alexandre Brasseur
11%
En famille Antoine Pouilloux Axel Huet
11%
Bob Morane Claude Titre
11%
Bonjour Maître Laurence Jourdan Danielle Darrieux
11%
Fabien Cosma Louis Karim Nébati
11%
En famille Chloé Pouilloux Lucie Bourdeu
11%
Agathe Koltès Philippine Leroy-Beaulieu
11%
En famille Jacques Le Kervelec Yves Pignot
11%
Duval et Moretti Vincent Duval Emmanuel Patron
7%
Chéri-Bibi Marquis du Touchais Hervé Sand
7%
Bardot Brigitte Bardot Julia de Nunez
7%
En famille Lucienne Le Kervelec Marie-Pierre Casey
7%
Catherine, il suffit d'un amour Catherine Legoix Claudine Ancelot
4%
Aucun quiz correspondant
Distribution des résultats
% des personnes avec chaque résultat
Percentile par nombre de réponses
Votre historique - résultats
Vous n’avez pas pris ce quiz